Joueurs passés par l'Olympique Lyonnais - Statistiques

Statistiques générales
  • Ce quiz a été pris 127 fois
  • Le résultat moyen est 6 sur 10
Statistiques - réponses
Par images Réponse % Correct
Milan Bisevac
90%
Florent Balmont
80%
Cesar Delgado
67%
Arnold Mvuemba
63%
Gaël Danic
62%
Maciej Rybus
62%
Ederson
50%
Mahamadou Diarra
49%
Milan Baros
38%
Edmilson
36%
Aucun quiz correspondant
Distribution des résultats
% des personnes avec chaque résultat
Percentile par nombre de réponses
Votre historique - résultats
Vous n’avez pas pris ce quiz